TV Character by Younger Self Quiz Stats

Quiz Updated Sep 17, 2016

Challenge
Share
Tweet
Score 0/16 Timer 06:00
0 Plays Today
% Correct
Philip J. Fry (Futurama)
93.8%
Cersei Lannister
(Game of Thrones)
90.9%
Katara
(Avatar: The Last Airbender)
90%
Liz Lemon (30 Rock)
85.7%
Sterling Archer (Archer)
85%
Suzanne Warren
(Orange is the New Black)
84.5%
Matt Murdock (Daredevil)
84.2%
Kate Austen (Lost)
82.6%
% Correct
Chandler Bing (Friends)
82.6%
Michael Scott (The Office)
78%
Jane Villanueva
(Jane the Virgin)
76.4%
Lucille Bluth
(Arrested Development)
71.4%
Don Draper (Mad Men)
70.7%
Wolfgang Bogdanow
(Sense8)
64.7%
Sam Winchester
(Supernatural)
59.5%
Dexter Morgan (Dexter)
59.1%

You're not logged in!

Compare scores with friends on all Sporcle quizzes.
Join for Free
OR
Log In

You Might Also Like...

Show Comments

Extras

Top Quizzes Today


Score Distribution

Your Account Isn't Verified!

In order to create a playlist on Sporcle, you need to verify the email address you used during registration. Go to your Sporcle Settings to finish the process.

Report this User

Report this user for behavior that violates our Community Guidelines.

Details: